| 000 | 00581nam a2200181 4500 | ||
|---|---|---|---|
| 999 |
_c171600 _d171600 |
||
| 005 | 20200116120418.0 | ||
| 010 | _aENG-127386 | ||
| 020 |
_a9789386473806 _c450.00 |
||
| 035 | _aEN-110918 | ||
| 037 | _bDBAD/PUB | ||
| 082 | _a954.0842 | ||
| 100 | _aGoradia,Prafull | ||
| 245 |
_aJinnah Helped Hindus : _cby Prafull Goradia _band others Reflections/ |
||
| 260 |
_aNew Delhi _bVitasta Publishing _c2020 |
||
| 270 |
_a 2/15,Ansari Road Daryaganj _bNew Delhi _e40001 _minfo@vitastapublishing.com |
||
| 300 |
_avii;167p. _c22cm(Hb) |
||
| 942 |
_2ddc _cEN _h954.0842 _mGOR |
||